000 00564nam a22001937a 4500
005 20171031141010.0
010 _aENG-121112
020 _a9788188965847
_c375.00
035 _aEN-104644
037 _bDBAD/PUB
082 _a915.81
100 _aAnand, Anita
245 _aKabul blogs :
_bmy days in the life of afghanistan /
_c by Anita Anand
260 _aNew Delhi
_bWomen Unlimited
_c2016
270 _a7/10,FF, sarvapriya Vihar
_bNew Delhi
_e110016
300 _a226p.:
_c22cm(pbk)
500 _a
942 _2ddc
_cEN
_h915.81
_mANA
999 _c147039
_d147039